=LDR 00000nam 2200000 4500 =001 INLIS000000000045062 =005 20170320114141.0 =006 =007 =008 =020 ##$$a 978-979-3077-36-2 =035 ##$$0010-121400000000212 =040 ##$$a NBPDMAT =082 ##$$a 372.35 =090 ##$$a 372.35 $b Sit m =100 ##$$a Siti Sriyati =245 ##$$a Mari belajar sains / $c Siti Sriyati, Ana Permanasari =260 ##$$a Jakarta : $b IPA Abong, $c 2008. =300 ##$$a yang diterima : jil. 1, dan 2 ; $c 19 cm. =650 ##$$a sains - SD, Binatang =850 ##$$a NBPDMAT =990 ##$$a 0001/BPAP-NTB/20142015 =990 ##$$a 0001/BPAP-NTB/20142015 =990 ##$$a 0001/BPAP-NTB/20142015 =990 ##$$a 0001/BPAP-NTB/20142015 =990 ##$$a 0001/BPAP-NTB/20142015 =990 ##$$a 0001/BPAP-NTB/20142015 =990 ##$$a 0001/BPAP-NTB/2016 =990 ##$$a 21601568/BPAP-NTB/2017